000 00520nam a2200193 a 4500
001 23084
003 CO-ViMGA
008 141112s2004 ck r 000 u spa d
020 _a9580219311
040 _aCO-ViMGA
_bspa
_cCO-ViMGA
082 0 4 _a780.7 P45d9
100 1 _aPinilla Higuera; German
_933230
245 1 0 _ado re mi 9; educación Musical
260 _aColombia :
_bArtelandia
300 _a128 Pa.
650 1 4 _aMUSICA - ENSEÑANZA SECUNDARIA
_933231
650 1 4 _aMUSICA - POPULAR
_921850
942 _2ddc
_cBK
999 _c31364
_d31364